| 000 | 00467nam a22001817a 4500 | ||
|---|---|---|---|
| 999 |
_c17263 _d17263 |
||
| 003 | OSt | ||
| 005 | 20190130174258.0 | ||
| 008 | 190130b ||||| |||| 00| 0 eng d | ||
| 020 | _a9780536427458 | ||
| 040 | _aSEKU | ||
| 050 |
_aQA 107.2 _b.P74 2007 |
||
| 100 | _aMartin-Gay,Elayn | ||
| 245 | _aPre-Tech Math 1&Pre-tech Math 11 | ||
| 260 |
_aUpper Saddle River ,NewJersy _bPearson _c2007 |
||
| 300 | _a1v(various pagings) | ||
| 650 | _aAlgebra | ||
| 942 |
_2lcc _cGEN |
||